| 000 | 00736nam a22001937a 4500 | ||
|---|---|---|---|
| 999 |
_c11167 _d11167 |
||
| 003 | AR-CdUCM | ||
| 008 | 190403b ||||| |||| 00| 0 spa d | ||
| 040 |
_aMUNICIPALIDAD PROVINCIAL DEL CUSCO _cBIBLIOTECA MUNICIPAL DEL CUSCO |
||
| 082 |
_a660 / _bP93 / 1946 |
||
| 100 |
_aPuig, Ignacio _928381 |
||
| 245 |
_aManual de pequeñas industrias : _bartes industriales / |
||
| 260 |
_aBuenos Aires : _bSopena Argentina, _c1946. |
||
| 300 |
_a237 páginas ; _c24 cm. |
||
| 505 | _aContenido: Técnica de laboratorio -- Estudios teórico prácticos -- Operaciones industriales -- Protección del obrero -- Taller mecánico ... | ||
| 650 |
_aIndustrias _94471 |
||
| 650 |
_aManual de enseñanza _928382 |
||
| 942 |
_2ddc _cLIBROS |
||
| 945 | _aacv | ||